| 000 | 00695cam a22002171 4500 | ||
|---|---|---|---|
| 001 | ne 68001660 | ||
| 003 | DLC | ||
| 005 | 20260227111841.0 | ||
| 008 | 880914s1966 xx ch 000 0 arar | ||
| 010 | _ane 68001660 | ||
| 035 | _a(OCoLC)18485759 | ||
| 040 |
_aDLC _cCU _dCU _dDLC |
||
| 050 | 0 | 0 |
_aPJ7862.A93 _bA6 1966 |
| 100 | 1 |
_aSayyāb, Badr Shākir, _d1926-1964. |
|
| 245 | 1 | 0 | _aBadr Shākir al-Sayyāb fī ḥayātihī wa-adabih. |
| 260 |
_a[n. p.] _bManshūrāt Aḍwāʼ _c[1966?] |
||
| 300 |
_a142 p. _bfacsims., 2 ports. _c20 cm. |
||
| 500 | _aCover title: Badr Shākir al-Sayyāb, al-rajul wa-al-shāʻir. | ||
| 500 | _aIntrod. signed Sīmūn Jārjī. | ||
| 600 | 1 | 0 | _aJargi, Simon, ed. |
| 999 |
_c50344 _d50344 |
||